| 000 | 00000nam##2200000za#4500 |
| 001 | 9.602186 |
| 003 | CaOODSP |
| 005 | 20210624210438 |
| 007 | cr ||||||||||| |
| 008 | 150406|2001||||xxc|||||o f|0| 0 fre|d |
| 040 | |aCaOODSP|bfre |
| 043 | |an-cn--- |
| 086 | 1 |aNH18-23/81F-PDF |
| 110 | 2 |aSociété canadienne d'hypothèques et de logement. |
| 245 | 10|aCharrette de conception pour Southeast False Creek : |h[ressource électronique]|bexplorer l'aménagement urbain durable et à haute densité |
| 260 | |aOttawa - Ontario : |bSociété canadienne d'hypothèques et de logement |cMai 2001. |
| 300 | |a8p.|bfigures |
| 490 | 1 |aLe point en recherche. Série socio-économique|v81 |
| 590 | |a11-23-Supp|b2011-10-17 |
| 691 | 07|aCommunauté urbaine|2gcpds |
| 691 | 07|aGestion de l'environnement|2gcpds |
| 775 | 08|tSoutheast False Creek design charrette : |w(CaOODSP)9.571760 |
| 776 | 0#|tCharrette de conception pour Southeast False Creek : |w(CaOODSP)9.625799 |
| 830 | #0|aLe point en recherche. Série socio-économique ;|v81|w(CaOODSP)9.501568 |
| 856 | 40|ahttp://publications.gc.ca|qPDF|s2.39 Mo|uhttps://publications.gc.ca/collections/Collection/NH18-23-81F.pdf|y81 |